[Event "Steinfurt Bezirksklasse 1112"]
[Site "Germany"]
[Date "2011.11.19"]
[Round "3.7"]
[White "Hoesker, Lothar"]
[Black "Ehlert, Jan"]
[Result "0-1"]
[WhiteElo "1465"]
[BlackElo "1543"]
[PlyCount "66"]
[EventDate "2011.09.24"]
[EventType "team-tourn"]
[EventRounds "9"]
[EventCountry "GER"]
[SourceTitle "EXT 2013"]
[Source "ChessBase"]
[SourceDate "2012.11.22"]
[SourceVersion "1"]
[SourceVersionDate "2012.11.22"]
[SourceQuality "1"]
[WhiteTeam "Reckenfeld II"]
[BlackTeam "Ibbenbueren III"]
[WhiteTeamCountry "GER"]
[BlackTeamCountry "GER"]

1. d4 Nf6 2. c4 e5 3. Bg5 Bb4+ 4. Nc3 e4 5. a3 Bxc3+ 6. bxc3 d5 7. cxd5 Qxd5 8. e3 Qxg5 9. g3 Bg4 10. Be2 Bxe2 11. Qxe2 0-0 12. h4 Qf5 13. Nh3 Qf3 14. Qxf3 exf3 15. Ng5 c5 16. Nxf3 cxd4 17. cxd4 Nc6 18. Rb1 b6 19. h5 Rfe8 20. Kf1 Rad8 21. Rc1 Ne7 22. Kg2 Ned5 23. Ne5 Rc8 24. Nc6 Rc7 25. Ne5 Rec8 26. Rcd1 Rc2 27. Kf3 R8c3 28. g4 h6 29. Rdg1 Nh7 30. g5 Nxg5+ 31. Kg4 Rxf2 32. Kh4 Nxe3 33. Rc1 Nf5+ 0-1

[Event "Steinfurt Bezirksliga 0708"]
[Site "Germany"]
[Date "2008.02.23"]
[Round "6.7"]
[White "Hoesker, Lothar"]
[Black "Schellmann, Maraike"]
[Result "1/2-1/2"]
[WhiteElo "1427"]
[BlackElo "1601"]
[PlyCount "101"]
[EventDate "2007.09.22"]
[EventType "team-tourn"]
[EventRounds "9"]
[EventCountry "GER"]
[SourceTitle "EXT 2009"]
[Source "ChessBase"]
[SourceDate "2008.11.26"]
[SourceVersion "1"]
[SourceVersionDate "2008.11.26"]
[SourceQuality "1"]
[WhiteTeam "Reckenfeld"]
[BlackTeam "Emsdetten Rochade II"]
[WhiteTeamCountry "GER"]
[BlackTeamCountry "GER"]

1. d4 Nf6 2. c4 d6 3. Nc3 g6 4. g3 Bg7 5. Bg2 0-0 6. e3 e5 7. dxe5 dxe5 8. Qxd8 Rxd8 9. Nge2 c6 10. 0-0 Be6 11. b3 Na6 12. e4 Rd6 13. f3 Rad8 14. Be3 b6 15. Rfd1 Nb4 16. Rxd6 Rxd6 17. Rd1 Rxd1+ 18. Nxd1 Nxa2 19. Ndc3 Nb4 20. h3 Nd7 21. Kf2 Nc2 22. Nc1 Nxe3 23. Kxe3 Bf8 24. Bf1 Bc5+ 25. Ke2 Bd4 26. N3a2 Nc5 27. Kd1 a5 28. Kc2 f5 29. Bg2 b5 30. cxb5 cxb5 31. g4 a4 32. bxa4 bxa4 33. Nb4 Nb3 34. Nd5 Nxc1 35. Kxc1 a3 36. Kb1 Kf8 37. Bf1 fxe4 38. fxe4 h5 39. Be2 hxg4 40. Bxg4 Bxg4 41. hxg4 Kg7 42. Ka2 Bc5 43. g5 Kf7 44. Kb3 Ke6 45. Ka2 Kd6 46. Kb3 Kc6 47. Ka2 Bd6 48. Kb3 Kb5 49. Nf6 Be7 50. Ng4 Bd6 51. Nf6 1/2-1/2

[Event "Steinfurt Bezirksliga 0607"]
[Site "Germany"]
[Date "2007.03.03"]
[Round "7.7"]
[White "Pohlmeier, Ulrich"]
[Black "Hoesker, Lothar"]
[Result "1/2-1/2"]
[WhiteElo "1589"]
[BlackElo "1450"]
[PlyCount "90"]
[EventDate "2006.09.09"]
[EventType "team-tourn"]
[EventRounds "9"]
[EventCountry "GER"]
[SourceTitle "EXT 2008"]
[Source "ChessBase"]
[SourceDate "2007.11.25"]
[SourceVersion "1"]
[SourceVersionDate "2007.11.25"]
[SourceQuality "1"]
[WhiteTeam "Rheine Klein Berlin II"]
[BlackTeam "Reckenfeld"]
[WhiteTeamCountry "GER"]
[BlackTeamCountry "GER"]

1. e4 c5 2. Nf3 Nc6 3. d4 cxd4 4. Nxd4 a6 5. Be3 e6 6. Nc3 Bb4 7. Qd3 Ne5 8. Qd2 Qa5 9. Nb3 Bxc3 10. Qxc3 Qxc3+ 11. bxc3 Nf6 12. f3 Nc6 13. Rd1 d5 14. exd5 Nxd5 15. Bd2 0-0 16. Bd3 b6 17. 0-0 Bb7 18. Rb1 Rac8 19. Nc5 bxc5 20. Rxb7 a5 21. Rb5 Ne5 22. Rfb1 Nxd3 23. cxd3 c4 24. d4 a4 25. Ra5 Ra8 26. Rbb5 h6 27. Rc5 Rxa5 28. Rxa5 Rb8 29. Rxa4 Rb2 30. Be1 Rb1 31. Kf2 Rb2+ 32. Kg3 Ne3 33. Kh3 Rxg2 34. Ra8+ Kh7 35. a4 Re2 36. Bg3 Nd5 37. Rc8 Nb6 38. Rc6 Nxa4 39. Rxc4 Nb2 40. Rc7 Kg6 41. Kg4 h5+ 42. Kh3 Re3 43. Kg2 Re2+ 44. Kh3 Re3 45. Kg2 Re2+ 1/2-1/2

[Event "Steinfurt Bezirksliga 0607"]
[Site "Germany"]
[Date "2007.02.03"]
[Round "6.7"]
[White "Hoesker, Lothar"]
[Black "Schneider, Richard2"]
[Result "1-0"]
[WhiteElo "1450"]
[BlackElo "1582"]
[PlyCount "66"]
[EventDate "2006.09.09"]
[EventType "team-tourn"]
[EventRounds "9"]
[EventCountry "GER"]
[SourceTitle "EXT 2008"]
[Source "ChessBase"]
[SourceDate "2007.11.25"]
[SourceVersion "1"]
[SourceVersionDate "2007.11.25"]
[SourceQuality "1"]
[WhiteTeam "Reckenfeld"]
[BlackTeam "Emsdetten Rochade"]
[WhiteTeamCountry "GER"]
[BlackTeamCountry "GER"]

1. d4 d5 2. c4 e6 3. Nc3 Nf6 4. cxd5 exd5 5. g3 Be7 6. Bg2 c6 7. e3 0-0 8. Bd2 Bg4 9. Bf3 Bxf3 10. Qxf3 Nbd7 11. Nge2 Qb6 12. b3 Rfe8 13. 0-0 Qa6 14. Nc1 Bb4 15. Qe2 Qa3 16. Nd3 Qa5 17. Rfe1 Bd6 18. Nb2 Qb6 19. Nba4 Qc7 20. Rac1 Qd8 21. Qf1 Ne4 22. Nxe4 Rxe4 23. Nc3 Re8 24. Re2 Nf6 25. f3 Bb4 26. Nb1 Bxd2 27. Nxd2 Rc8 28. b4 Qb6 29. a3 Rcd8 30. Nb3 a5 31. Nxa5 Rd7 32. Rc3 Rde7 33. Kf2 Qa6 1-0

[Event "Steinfurt Bezirksliga 0506"]
[Site "Germany"]
[Date "2006.03.18"]
[Round "8.7"]
[White "Altenaehr, Johannes"]
[Black "Hoesker, Lothar"]
[Result "1-0"]
[WhiteElo "1489"]
[BlackElo "1450"]
[PlyCount "81"]
[EventDate "2005.09.24"]
[EventType "team-tourn"]
[EventRounds "9"]
[EventCountry "GER"]
[SourceTitle "EXT 2006"]
[Source "ChessBase"]
[SourceDate "2005.11.24"]
[SourceVersion "1"]
[SourceVersionDate "2005.11.24"]
[SourceQuality "1"]
[WhiteTeam "Rheine"]
[BlackTeam "Reckenfeld"]
[WhiteTeamCountry "GER"]
[BlackTeamCountry "GER"]

1. Nf3 d5 2. d4 e6 3. c4 Nf6 4. Nc3 c6 5. Qc2 Nbd7 6. Bg5 Be7 7. cxd5 Nxd5 8. Bxe7 Qxe7 9. Nxd5 exd5 10. e3 Nf6 11. Bd3 g6 12. 0-0 Ne4 13. Rfe1 0-0 14. Nd2 f5 15. f3 Ng5 16. Nb3 Qd6 17. Qd2 Qf6 18. Nc5 a6 19. f4 Ne4 20. Nxe4 fxe4 21. Be2 Bd7 22. a4 Kg7 23. Rf1 Qd6 24. Qe1 Rac8 25. g4 Kh8 26. Qh4 Qf6 27. Qxf6+ Rxf6 28. b4 Rf7 29. Ra3 Rc7 30. Rc1 Bc8 31. Rac3 Rf6 32. Rc5 Kg7 33. Rxd5 Rd7 34. Re5 b6 35. Rxe4 c5 36. bxc5 bxc5 37. Rxc5 Bb7 38. Ree5 Rb6 39. d5 Rdd6 40. g5 Rxd5 41. Rcxd5 1-0

[Event "Steinfurt Bezirksklasse 0506"]
[Site "Germany"]
[Date "2006.01.28"]
[Round "5.4"]
[White "Sterthaus, Paul"]
[Black "Hoesker, Lothar"]
[Result "0-1"]
[WhiteElo "1504"]
[BlackElo "1450"]
[PlyCount "109"]
[EventDate "2005.09.10"]
[EventType "team-tourn"]
[EventRounds "7"]
[EventCountry "GER"]
[SourceTitle "EXT 2006"]
[Source "ChessBase"]
[SourceDate "2005.11.24"]
[SourceVersion "1"]
[SourceVersionDate "2005.11.24"]
[SourceQuality "1"]
[WhiteTeam "Emsdetten Rochade III"]
[BlackTeam "Reckenfeld II"]
[WhiteTeamCountry "GER"]
[BlackTeamCountry "GER"]

1. e4 c5 2. Nf3 Nc6 3. d4 cxd4 4. Nxd4 e6 5. Nc3 a6 6. a3 Be7 7. Be2 Bf6 8. Nxc6 bxc6 9. Qd3 d5 10. exd5 cxd5 11. 0-0 Ne7 12. Bf3 0-0 13. Rb1 Qc7 14. Ne2 Bd7 15. Be3 Bb5 16. Qd2 Nf5 17. c3 Nxe3 18. Qxe3 h6 19. Rfe1 Rac8 20. Ng3 Bg5 21. Qd4 Qc5 22. Qe5 Bf6 23. Qf4 Qc4 24. Qd2 Qd3 25. Qf4 Qc4 26. Qd2 Bg5 27. Qd1 Rc7 28. Be2 Qc6 29. Bxb5 axb5 30. Nh5 g6 31. Ng3 Qd6 32. Qe2 Rc4 33. Rbd1 Bf6 34. Qf3 Qe7 35. b4 Rxc3 36. Rxd5 Rxf3 37. gxf3 exd5 38. Rxe7 Bxe7 39. Kf1 Bd6 40. Ke2 f5 41. Kd3 Be5 42. Ne2 Bxh2 43. Nc3 Bg1 44. Nxb5 h5 45. Ke2 Bh2 46. a4 Rb8 47. Ke3 h4 48. f4 h3 49. Kf3 Bxf4 50. Nc3 d4 51. Nd5 Be5 52. a5 d3 53. a6 d2 54. Ne3 Rxb4 55. a7 0-1

[Event "Steinfurt Bezirksklasse 0405"]
[Site "Germany"]
[Date "2005.02.19"]
[Round "7.3"]
[White "Hoesker, Lothar"]
[Black "Koelking, Helmut"]
[Result "1/2-1/2"]
[WhiteElo "1509"]
[BlackElo "1449"]
[PlyCount "40"]
[EventDate "2004.09.18"]
[EventType "team-tourn"]
[EventRounds "11"]
[EventCountry "GER"]
[SourceTitle "EXT 2006"]
[Source "ChessBase"]
[SourceDate "2005.11.24"]
[SourceVersion "1"]
[SourceVersionDate "2005.11.24"]
[SourceQuality "1"]
[WhiteTeam "Reckenfeld II"]
[BlackTeam "Steinfurt III"]
[WhiteTeamCountry "GER"]
[BlackTeamCountry "GER"]

1. d4 d5 2. c4 Nf6 3. Nc3 e6 4. e3 b6 5. cxd5 Nxd5 6. Nxd5 Qxd5 7. Nf3 Bb4+ 8. Bd2 Bxd2+ 9. Qxd2 0-0 10. Be2 Bb7 11. b3 a5 12. Qc2 Rc8 13. Rd1 c5 14. dxc5 Qxc5 15. Qxc5 bxc5 16. 0-0 Nc6 17. Rd7 Rab8 18. Ng5 Ne5 19. Rd6 h6 20. Nh3 c4 1/2-1/2

[Event "Steinfurt Bezirksklasse 0304"]
[Site "Germany"]
[Date "2004.05.15"]
[Round "10.3"]
[White "Hoesker, Lothar"]
[Black "Kloetzing, Johannes"]
[Result "0-1"]
[WhiteElo "1500"]
[BlackElo "1168"]
[PlyCount "111"]
[EventDate "2003.09.27"]
[EventType "team-tourn"]
[EventRounds "11"]
[EventCountry "GER"]
[SourceTitle "EXT 2005"]
[Source "ChessBase"]
[SourceDate "2004.11.15"]
[SourceVersion "1"]
[SourceVersionDate "2004.11.15"]
[SourceQuality "1"]
[WhiteTeam "Reckenfeld II"]
[BlackTeam "Steinfurt IV"]
[WhiteTeamCountry "GER"]
[BlackTeamCountry "GER"]

1. d4 d5 2. c4 e6 3. Nc3 Bb4 4. e3 Nf6 5. Bd2 Nc6 6. cxd5 Nxd5 7. a3 Nxc3 8. bxc3 Bd6 9. Bb5 Bd7 10. c4 b6 11. Qf3 Ne7 12. Bxd7+ Kxd7 13. Bb4 Bxb4+ 14. axb4 Nf5 15. g3 Ke7 16. Ne2 Rc8 17. 0-0 Ra8 18. Ra6 Qc8 19. Rfa1 Qb8 20. Nc3 Nd6 21. Qc6 Rc8 22. Nb5 Nxb5 23. Qxb5 c6 24. Qg5+ Kf8 25. Qh5 h6 26. Qf3 Rc7 27. Qf4 Qd8 28. c5 b5 29. Qd6+ Qxd6 30. cxd6 Rcc8 31. Rc1 Ke8 32. Rcxc6 Rxc6 33. Rxc6 Kd7 34. Rc7+ Ke8 35. Re7+ Kf8 36. Rb7 a6 37. e4 Rc8 38. Rc7 Ra8 39. d7 Rd8 40. Rc8 Ke7 41. Rc6 Rxd7 42. d5 exd5 43. e5 d4 44. Kf1 d3 45. Ke1 Rd4 46. Kd2 Rxb4 47. Rxa6 Rb2+ 48. Ke1 Re2+ 49. Kf1 Rxe5 50. Ra2 Kd6 51. Rd2 Rd5 52. Rd1 Kc5 53. Rc1+ Kb4 54. Rb1+ Kc3 55. Ke1 Re5+ 56. Kd1 0-1

[Event "Steinfurt Bezirksklasse 0304"]
[Site "Germany"]
[Date "2003.12.06"]
[Round "4.3"]
[White "Hoesker, Lothar"]
[Black "Sterthaus, Udo"]
[Result "1/2-1/2"]
[WhiteElo "1500"]
[BlackElo "1367"]
[PlyCount "45"]
[EventDate "2003.09.27"]
[EventType "team-tourn"]
[EventRounds "11"]
[EventCountry "GER"]
[SourceTitle "EXT 2005"]
[Source "ChessBase"]
[SourceDate "2004.11.15"]
[SourceVersion "1"]
[SourceVersionDate "2004.11.15"]
[SourceQuality "1"]
[WhiteTeam "Reckenfeld II"]
[BlackTeam "Emsdetten Rochade IV"]
[WhiteTeamCountry "GER"]
[BlackTeamCountry "GER"]

1. d4 Nf6 2. c4 e6 3. Nc3 d5 4. e3 Be7 5. cxd5 exd5 6. Bd3 c6 7. Bd2 Be6 8. Rc1 Nbd7 9. Nge2 Bd6 10. Qc2 0-0 11. e4 dxe4 12. Nxe4 Nxe4 13. Bxe4 h6 14. Nf4 Bxf4 15. Bxf4 Nf6 16. Be3 Re8 17. Bf3 Bd5 18. Bxd5 Nxd5 19. Qb3 Qa5+ 20. Kd1 Qb4 21. Qxb4 Nxb4 22. a3 Nd5 23. Re1 1/2-1/2

[Event "Steinfurt Bezirksliga 0203"]
[Site "Germany"]
[Date "2002.11.30"]
[Round "3.4"]
[White "Pfeiffer, Erich"]
[Black "Hoesker, Lothar"]
[Result "1-0"]
[WhiteElo "1665"]
[BlackElo "1567"]
[PlyCount "71"]
[EventDate "2002.09.14"]
[EventType "team-tourn"]
[EventRounds "9"]
[EventCountry "GER"]
[SourceTitle "EXT 2004"]
[Source "ChessBase"]
[SourceDate "2003.11.25"]
[SourceVersion "1"]
[SourceVersionDate "2003.11.25"]
[SourceQuality "1"]
[WhiteTeam "Emsdetten Rochade II"]
[BlackTeam "Reckenfeld"]
[WhiteTeamCountry "GER"]
[BlackTeamCountry "GER"]

1. d4 d5 2. Nc3 e6 3. Nf3 Nc6 4. e3 a6 5. Be2 g6 6. 0-0 Bg7 7. b3 Nge7 8. a4 0-0 9. Ba3 Re8 10. Qd2 e5 11. dxe5 Nxe5 12. Nxe5 Bxe5 13. Rad1 c6 14. Bd3 Nf5 15. Ne2 Be6 16. Bc5 Qc7 17. h3 b6 18. Bxf5 Bxf5 19. Bd4 Rad8 20. Rfe1 c5 21. Bxe5 Rxe5 22. Ng3 Bc8 23. c3 Rd7 24. Qc1 Bb7 25. Re2 Qc6 26. f3 Rde7 27. e4 dxe4 28. Rxe4 Rxe4 29. Nxe4 Kg7 30. Nd6 Bc8 31. Qf4 Be6 32. c4 Qa8 33. Ne4 Bf5 34. Qg5 Re6 35. Ng3 h6 36. Nxf5+ 1-0